[Event "Educared 2005"]
[Site "?"]
[Date "2005.06.20"]
[Round "1.1"]
[White "Llorente Zaro, Alfonso"]
[Black "Lariño Nieto, David"]
[Result "0-1"]
[WhiteElo "2355"]
[BlackElo "2316"]
[Annotator "Rahal, M"]
[PlyCount "58"]
[EventDate "2005.??.??"]
[Source "EDAMI"]
[SourceDate "2006.12.20"]

{Esta partida corresponde a la final sub16 entre los jovenes promesas del
ajedrez español MF Alfonso Llorente (Zaragoza, 2355) y MF David Lariño
(Pontevedra, 2316). No hay que perder de vista de que se trata de una partida
rápida de 5 minutos por jugador.} 1. e4 e6 2. d4 d5 3. Nc3 Nf6 4. e5 Nfd7 5. f4
c5 6. Nf3 Nc6 7. Be3 cxd4 8. Nxd4 Bc5 9. Qd2 a6 10. O-O-O O-O {Esta es una de
las variantes de moda en la Defensa Francesa, que Larió conoce bien.} 11. h4
Bxd4 12. Bxd4 b5 13. Rh3 f6 $5 {
# Novedad según mis bases de datos, aunque bastante temática en la Francesa.} (
{Lariño empleó esta variante en las semifinales contra el MF catalán Xavi Vila,
partida que sin duda había analizado Llorente. Esa partida continuó con la más
típica} 13... b4 14. Na4 Qa5 15. b3 Bb7 16. Kb1 Nxd4 17. Qxd4 Bc6 18. Nb2 Bb5
19. c4 bxc3 20. Qxc3 Qb6 21. g4 Rac8 22. Qd2 Nc5 23. Bg2 Ne4 24. Bxe4 dxe4 25.
Qd4 Qc6 26. Qg1 Qc2+ 27. Ka1 Be2 28. Rb1 Rfd8 29. Rh2 Rd2 30. Rxe2 Rxe2 31. Qd4
Qd2 32. Qb6 Re1 33. a3 Rxb1+ 34. Kxb1 h6 35. Nc4 Qxf4 36. Qxa6 Rd8 37. Nb2 e3
38. a4 Qe4+ 39. Ka2 e2 40. Qa5 e1=Q 41. Qxd8+ Kh7 42. g5 Q4b1+ {
0-1 MF Vila,X (2333) - MF Lariño,D (2316) Semifinales Educared Sub16 2005}) 14.
exf6 Nxf6 15. Bc5 $6 {No me gusta esta jugada, que que el alfil deja de
controlar importantes casillas centrales.} (15. Bxf6 Qxf6 16. g3 {
era una opción aunque la torre en h3 está un poco raro.}) 15... Rf7 $15 16. Bd3
Bd7 17. f5 $6 {Este sacrificio de peón no acaba de dar sus frutos, por lo que
había que reagrupar con Rhh1} exf5 18. Be2 {Ataca d5} Be6 $17 {
y las negras tienen un sano peón de más.} 19. Bf3 Rd7 $1 20. Bd4 Nxd4 21. Qxd4
Rc8 {Además del peón de más las negras tienen claras opciones de ataque en el
flanco de dama.} 22. h5 Rc4 23. Qe5 Bf7 24. h6 $2 ({Era mejor} 24. Qxf5 d4 25.
Ne4 d3 26. c3 {con posición complicada}) 24... d4 $1 25. hxg7 $2 (25. Nb1 d3
26. c3 g6 $19) 25... dxc3 26. Rdh1 {# Ahora hay varias maneras de ganar,
incluso 26...Re7, pero Lariño opta por la más espectacular.} cxb2+ 27. Kb1 Rxc2
$1 28. Kxc2 Rd2+ 29. Kc3 (29. Kb1 Qd3#) 29... Qa5# {A pesar de esta derrota en
la primera partida, Llorente venció con negras en la segunda, y posteriormente
se impuso en el desempate, convertiéndose en Campeón de España Internet 2005
sub-16.} 0-1

[Event "GMT Biel"]
[Site "?"]
[Date "2005.??.??"]
[Round "7"]
[White "Pelletier, Yannick"]
[Black "Carlsen, Magnus"]
[Result "1-0"]
[WhiteElo "2603"]
[BlackElo "2528"]
[Annotator "Pelletier"]
[PlyCount "29"]
[EventDate "2005.??.??"]
[Source "EDAMI"]
[SourceDate "2006.12.20"]

{Incluso los jugadores más fuertes pueden tener un mal día en cualquier torneo.
Magnus Carlsen tuvo el suyo en Biel...} 1. d4 Nf6 2. c4 e6 3. Nc3 Bb4 4. Qc2 d5
5. cxd5 c5 {Esta sorprendente jugada fue preparada en la "cocina" de Topalov y
servida en la mesa de Bareev en Monaco Amber 2005. Tras  6.dxc6 Qxd4 7.cxb7
Bxb7 las negras  probablemente obtienen bastante juego por el peón. 6.Bg5,
como jugó Bareev, no parece reportar nada. Magnus utilizó 5...c5 unos días
antes de Biel, en el campeonato noruego, e igualó fácilmente. Sin embargo, yo
no enfoqué mi preparación sobre esta línea, sino que le pedí a mi segundo,
Javier Moreno Carnero, que encontrase alguna pequeña receta contra ella. Al
cabo de un rato, me trajo una idea prátical: "?Por qué no tomar simplemente en
c5 y continuar con el desarrollo de las piezas en el centro? Eso fue
suficiente para contentarme.} 6. dxc5 Nxd5 (6... Qxd5 $6 7. a3 {parece dar un
peón a cambio de nada, mientras que 6...exd5 puede trasponer a la línea 5...
exd5 6.Bg5 c5 que ha sido muy popular este año. A menos que las blancas
encuentren una jugada más útil que 6.Bg5.}) 7. Bd2 Bxc5 8. Nxd5 Qxd5 9. e4 Qd4
$6 ({Esta jugada es extremadamente arriesgada. La dama negra queda bajo el
fuego central y más tarde tendrá que perder tiempo retirándose. Yo esperaba} 
9... Qc6 10. Rc1 Be7 {donde las blancas retienen la iniciativa tanto con} 11.
Qd3 Qd7 12. Qg3 O-O 13. Nf3 {como con 11.Bc3 0-0 12.Nf3}) ({
Tras la partida, Magnus me dijo que él había estado analizando} 9... Qd6 {
cuando preparaba la línea 5...c5. Pero durante la partida, sin embargo, cambió
de pronto de idea y eligió 9...Qd4. Presiento que simplemente se olvidó de mi
respuesta. De todas formas, tras 9...Qd6, las negras no están todavía fuera de
dificultades.} 10. Rc1 Nd7 11. Nf3 O-O 12. e5 Qb6 (12... Qe7 13. Bd3 h6 14. a3
a5 15. O-O $36) 13. Bc3 {y las blancas están indudablemente mejor.}) 10. O-O-O
(10. Bc3 Bb4) 10... Nd7 (10... Qxf2 $2 {pierde de inmediato por} 11. Nh3 Qd4
12. Bg5) 11. Bb5 (11. f4 $5 O-O (11... Be7 12. Nf3 $36) 12. Nf3 Qf2 $5 13. Kb1
{también parece prometedor.}) {Diag} 11... O-O $4 ({Esta horrible pifia,
jugada tras unos 20 minutos de reflexión, puede ser explicada de la manera
siguiente: Magnus primero  calculó la variante} 11... a6 12. Be3 Qe5 13. Bxd7+
(13. Bxc5 $1 Qg5+ 14. Kb1 axb5 15. Bb4 Qxg2 16. Ne2 Qxf2 17. Rd3 $16) 13...
Bxd7 14. Bxc5 Rc8 15. b4 b6 {que termina favorablemente para las negras. Pero
entonces se percató de la fuerte 13.Bc5!, tras lo cual las negras están en
dificultades. Intentando hacer funcionar esta idea de algún modo, vio que 11...
0-0 era una jugada todavía mejor que 11...a6, pero no se dio cuenta del
problema esencial.}) ({Pero de cualquier modo, las negras ya están bajo una
seria presión. El camino correcto era traer la dama a la defensa:} 11... Qe5
12. Nf3 Qc7 {tras lo que podría seguir} 13. Kb1 $5 a6 (13... O-O $2 14. Be3)
14. Bxd7+ Bxd7 15. Rc1 Rc8 16. Be3 Bd6 (16... b6 17. b4 Bd6 18. Qd3 Bb5 19. Qd4
) 17. Qd3 Bc6 18. Nd4 O-O 19. Nxc6 bxc6 20. Qxa6 {
con poca compensación por el peón.}) ({O mejor} 11... Qd6 12. Bc3 (12. Nf3 Qb6)
12... Qe7 13. Nf3 (13. Qa4 a6 14. Nf3 Rb8) 13... O-O (13... a6 14. Bxd7+ Bxd7
15. Bxg7 Rg8 16. Bc3 $36) 14. e5 {
y las blancas sólo tienen algunas perspectivas de ataque.}) 12. Bc3 Qxf2 13.
Qxf2 Bxf2 14. Bxd7 Be3+ 15. Kc2 1-0

[Event "Grandmaster tournament, group B, cat 13"]
[Site "Wijk aan Zee (Holland)"]
[Date "2005.01.15"]
[Round "1"]
[White "Kosteniuk, Alexandra"]
[Black "Onischuk, Alexander"]
[Result "1-0"]
[WhiteElo "2490"]
[BlackElo "2652"]
[Annotator "Kosteniuk, A"]
[PlyCount "227"]
[EventDate "2005.??.??"]
[Source "EDAMI"]
[SourceDate "2006.12.20"]

{Esta partida corresponde a la primera ronda. Yo estaba muy contenta con el
sorteo, pues elegí el número 5, lo que significaba que tendría 7 partidas con
blancas y 6 con negras. En un torneo tan fuerte, esto importa mucho. Mi primer
adversario era el GM Onischuk, que jugó como primer tablero del equipo
norteamericano en la reciente Olimpiada en Calvia. Yo llevaba las blancas y
quería empezar con buen pie.} 1. e4 e5 2. Nf3 Nc6 3. Bb5 Nf6 4. O-O Bc5 {
Esperaba alguna variante de la Española, pero no esta variante, que no había
preparado en absoluto antes de la partida. Sin embargo, estaba familiarizada
con este tipo de posiciones, ya que las había jugado anteriormente.} 5. c3 O-O
6. d4 Bb6 7. Bg5 h6 8. Bh4 d6 9. Qd3 (9. a4 {es más popular.}) 9... Bd7 ({
En mi partida contra Sekulovska, V, en Bled 2002, las negras eligieron otra
linea} 9... Qe7 10. Nbd2 Nb8) 10. Nbd2 a6 11. Bc4 exd4 12. cxd4 g5 {Diagram #}
13. e5 $6 {No conocía esta posicion, aunque se han jugado algunas partidas muy
interesantes con ella, como Topalov - Leko, Dortmund y Frankfurt 1999 y
Svidler - Leko, Linares 1999} (13. Bg3 $1 {
parece ser la mejor jugada en este momento. Svidler, P - Leko, P. Linares 1999}
) (13. Nxg5 $6 hxg5 14. Bxg5 Kg7 $1 15. Nb3 {fue una continuación que se dio
dos veces en partidas con los mismos oponentes, Topalov - Leko, en 1999 y las
negras ganaron las dos.} (15. Qg3 Nh5 $17) (15. e5 dxe5 16. Ne4 Bf5 $1 17. dxe5
Nxe4 $1 18. Bxd8 Raxd8 19. Qf3 Bg6 $17) (15. Nf3) 15... Ne7 $1 16. Rae1 $2 (16.
Bxf6+ Kxf6 17. f4 Be6 $3 {
las negras están algo mejor, Topalov - Leko, Dortmund, 1999}) 16... Nh7 17. Bh4
f6 {con ventaja del negro, Topalov - Leko, Frankfurt, 1999}) 13... gxh4 $2 {
Un serio error. Durante la partida consideré} (13... d5 {como la jugada más
fuerte, y realmente lo es. Desgraciadamente, tras la partida, mi adversario y
yo estabamos demasiado cansados para analizar la partida y no pude preguntarle
por qué no le gustaba esa continuación.} 14. Nxg5 {yo planeaba jugar así
durante la partida, aunque no comprendía muy bien lo que iba a pasar.} (14. Bb3
{era también posible, pero no la consideraba como una alternativa, pues no me
gustaba mi posición tras} gxh4 15. exf6 Qxf6 16. Bxd5 Rad8 {
y las negras están mejor.}) 14... dxc4 15. Nxc4 hxg5 16. Bxg5 {y yo esperaba
que mi ataque fuera lo suficientemente fuerte para compensar las dos piezas
que había sacrificado. En realidad, el resultado más probable serían las
tablas tras} Nb4 (16... Bg4 $2 17. Bxf6 Qxd4 18. Qg3 Qe4 19. Qh4 {
las blancas ganan.}) (16... Be6 $2 17. Nd6 Nb4 18. Qd2 {con ataque decisivo.})
(16... Bc8 $1 {la mejor jugada en esta posición, aunque casi imposible de
encontrar durante la partida} 17. Nxb6 cxb6 18. Bxf6 (18. Rfd1 Nxe5) 18... Qxd4
19. Qg3+ Qg4 20. Qe3 Kh7 21. f4 Rg8 22. Rf2 b5 23. Bg5 {con compensación}) 17.
Qa3 (17. Qb3 Be6 18. Rad1 Bxc4 19. Qxc4 Qd5 20. Qxb4 {con compensación}) 17...
Nc2 18. Qd3 Nb4 $11) 14. Qg6+ Kh8 15. Qxh6+ Nh7 {Diagram #} 16. Ne4 $1 {
Lo más fuerte. La idea de las blancas es llevar el caballo de f3 a g5, tomar
en h7 y luego colocar el caballo de e4 en f6 con amenazas de mate.} ({Tras} 16.
Bd3 f5 17. exf6 Rf7 18. Ng5 Qxf6 {las blancas no sacan mucho del ataque.})
16... f5 (16... Rg8 17. Nf6 Bf5 18. Nxh4 Bc2 19. Rfc1 (19. Rac1 dxe5 20. Nxg8
Qxg8 21. Rxc2 Nxd4 22. Rc3) 19... dxe5 20. Nxg8 Qxg8 21. Rxc2 Nxd4 22. Rc3 {
las blancas están mejor.}) (16... Ne7 17. Nf6 Bf5 18. Nxh7 Ng8 19. Qxf8 $1 {
durante la partida, yo estaba muy contenta cuando vi esta jugada.}) (16... f6
17. Nxh4 {ganando.}) 17. Nfg5 Qe7 18. Nf6 Qg7 19. Qxh7+ Qxh7 20. Ngxh7 Rfd8 21.
Ng5 dxe5 (21... Be8 22. exd6 cxd6 23. Nxe8 Rxe8 24. Nf7+ Kg7 25. Nxd6 {
con ventaja decisiva en el final.}) 22. Nf7+ Kg7 23. dxe5 $1 Nxe5 24. Nh5+ Kg6
25. Nxe5+ Kxh5 26. Be2+ $1 Kg5 27. Nf7+ Kf6 28. Nxd8 Rxd8 29. Rad1 Re8 {
Diagram #} 30. Bf3 (30. Bxa6 $1 {era el camino más fácil para ganar:} Ba4 31.
b3 bxa6 32. bxa4 Re2 33. a3 Ra2 (33... Rc2 34. a5 Bxa5 35. Rd4 Kg5 36. Ra4) 34.
Rd3 Kg5 35. h3 {con idea de g3}) 30... Bc8 31. Rfe1 Rg8 32. Bd5 Rh8 33. Bb3 Bc5
34. Rd3 {Quizás un plan mejor fuese doblar torres en la columna "e".
Generalmente hablando, la idea principal de las blancas es cambiar cuantas
piezas puedan y evitar los cambios de peones. Por ello era tan importante
haber jugado 30. Bxa6, que me hubiera ayudado a cambiar los alfiles. Ahora las
negras tienen la pareja de alfiles y resulta muy difícil romper su barrera
defensiva.} (34. Re2 Bd6 35. Rde1 Bd7 36. Bd5 b6 37. a3 a5 (37... f4 38. h3 Rh5
39. Be6 Bb5 40. Rc2 Rg5 41. Bg4 Be5 42. b4 Ba4 43. Rd2) 38. g3 h3 39. Rc1 f4
40. Bc6 Bf5 41. Rce1 Rg8 42. Re8 Rg7 43. Kh1) 34... Bd6 35. Bd5 b6 36. g3 Bd7
37. Rf3 (37. Rd4 {parece interesante} hxg3 38. hxg3 Be5 39. Rh4 Rxh4 40. gxh4
Bxb2 41. h5 Kg5 42. Re7 Bb5 43. Rxc7 Kxh5 44. Bc6 Bd3 45. a4 Kg5 46. Rb7 b5 47.
axb5 axb5 48. Bxb5 Be4 (48... Bxb5 49. Rxb5 {
y este final está ganado para las blancas.}) 49. Bc6) 37... Rh5 38. Re4 hxg3
39. hxg3 f4 40. Rfxf4+ {Yo pensaba que este final con dos peones pasados debía
ganarse fácilmente. Pero de hecho, me llevó cierto tiempo :)} (40. Bb7 Rc5 (
40... a5 41. gxf4) 41. Rfxf4+ (41. Rc3 Rxc3 42. bxc3 fxg3 43. fxg3 Bxg3 44.
Bxa6) 41... Bxf4 42. Rxf4+ Kg5 43. Rd4 Be6 44. Bxa6 Rc2 45. f4+ Kf6 46. b4 Rxa2
47. Bc4 Bxc4 48. Rxc4 Rb2 49. g4 b5 50. Re4 Rc2) 40... Bxf4 41. Rxf4+ Ke7 42.
Rd4 c5 43. Rd2 b5 44. f4 (44. f3 {parece más fuerte. En tal caso, los peones
blancos pueden avanzar más, sin dejar entrar las piezas negras en el campo
adversario.} c4 45. g4 Rg5 (45... Rh8 46. Kg2 Rd8 47. Be4 Rg8 48. Kg3 a5 49.
Kf4 Rf8+ 50. Ke5 Rg8 51. Bf5) 46. Kf2 a5 47. Kg3 Rg6 48. Kf4 Rf6+ (48... Rh6
49. g5 Rh1 50. Rg2 {
aquí mis peones pasados están más avanzados que en la partida.}) 49. Ke5 {
Las piezas blancas están perfectamente centralizadas y no debería ser difícil
ganar con esas piezas y un peón de ventaja.}) 44... c4 45. Kf2 (45. Bf3 Rc5 46.
g4 b4 {con contrajuego.}) 45... a5 46. Ke3 Rh3 47. Rg2 Rh1 48. a4 (48. g4 Rd1
49. Bb7 (49. Be4 $2 Re1+ 50. Re2 (50. Kd4 $4 Rxe4+ 51. Kxe4 Bc6+ {ganando.})
50... Rxe2+ 51. Kxe2 Bxg4+ $11) (49. Bf3 $2 Rd3+ 50. Ke2 Rxf3 51. Kxf3 Bc6+ 52.
Kg3 Bxg2 53. Kxg2 b4 54. Kf3 a4 55. Ke2 c3 56. b3 (56. bxc3 $4 b3 $1 {ganando.}
) 56... axb3 57. axb3 Ke6 $11)) 48... b4 49. Bxc4 Bxa4 50. g4 Bc6 51. Rg3 {
No puedo recordar por qué decidí mantener mi torre en la columna "g".Probableme
nte debido al bien conocido dicho sobre que el mejor lugar para la torre en
los finales es detrás de los peones pasados. Pero aquí parece mejor mantener
mi torre en la segunda fila, donde apoya el avance de sus peones y al mismo
tiempo impide el de los peones contrarios.} (51. Re2 Kf8 52. f5 a4 53. f6 a3
54. bxa3 bxa3 55. Kf4 Be8 56. Rd2 Rc1 57. Ba2 Rf1+ 58. Kg5 Rh1 59. Rd3) 51...
Re1+ 52. Kd2 Rb1 53. b3 a4 54. Re3+ Kf8 55. bxa4 Bxa4 56. Bd3 $6 {Ahora, analiz
ando con el ordenador, todo parece muy fácil. Todo lo que necesito es ganar el
peon negro y para eso tengo que activar mi torre. Pero en la partida, estando
en el segundo zeitnot, no me resultaba claro en absoluto.} (56. Re6 $1 b3 57.
Rf6+ Ke7 (57... Kg7 58. Rf7+ Kh8 59. Rf8+ Kg7 60. Rg8+) 58. Rb6 b2 59. Be2 Bd7
60. f5 {y tras Kc3 se gana el peón "b2" y la partida.}) 56... Rb2+ 57. Kc1 Rg2
$2 ({Durante la partida tenía más miedo de} 57... Rb3 {que es la defensa más
tenaz y proporciona al negro algunas perspectivas de hacer tablas} 58. g5 Bb5
59. Kc2 Ra3 60. Rh3 Rc3+ (60... Bc4 61. Rh8+ Kg7 62. Rh7+ Kg8 63. Rd7 Rc3+ (
63... b3+ 64. Kb1 Ra4 65. Bh7+ Kh8 66. Bf5 Kg8 67. Rd4 {ganando.}) 64. Kd2 Bxd3
65. Rxd3 Rc8 66. Rd4 $1 (66. Ke3 Rb8 67. Rb3 Kg7 68. Kd4 Kg6 69. Kc4 Rc8+ 70.
Kxb4 Kf5 71. Rf3 Rc1 $1 {con idea de ...Ke4-e3}) 66... Rb8 67. Kc2 b3+ $1 {
(de otro modo las blancas juegan Kb3 y la posición es ganadora. Obsérvese que
si, por ejemplo, se llega a la siguiente posición: Blancas- Kd5, Rd4 y peones
f4,g5. Negras- Kf5, Re8, el final se gana.)} 68. Kb2 Kf7 (68... Kg7 69. f5 Rb7
70. Rd3 Rb5 71. Rf3 Kf7 72. g6+ Kf6 73. Rg3 Rb8 74. Rxb3 Rc8) 69. f5 (69. Rd3
Rb4 70. f5 Rf4 71. f6 Rg4 72. Rd5 Rg3 73. Rf5 Kf8 74. f7 Rg1 75. Kxb3 Rb1+ 76.
Kc4 Rb6 77. Kd4 Rg6 78. Ke5 Rg7 79. Ke6 Rxg5 $11) 69... Rb5 70. g6+ Kf6 71. Rg4
Rb8 72. Rf4 Rb6 73. Rf3 Rb7 74. Rxb3 {ganando.}) 61. Kd2 Bxd3 62. Rxd3 Rc4 (
62... Rc8 63. Rd4 (63. Rd5 Rb8 (63... Kf7 64. Rb5) 64. Kc2 b3+ 65. Kb2 Rb4 66.
f5 Rg4 67. g6 Rg3 68. Rd7 Kg8) 63... Rb8 64. Kc2 b3+ 65. Kb2 Kf7 66. f5 {
como antes}) 63. Ke3 Rc8 64. Rb3 $1 (64. Rd4 Rb8 65. Kd2 b3 66. Kc1 b2+ 67. Kb1
Rb3 (67... Rb5 68. Rd2) 68. f5 Rf3 69. f6 Rg3 $11) (64. Kd4 Kg7 65. f5 (65. Rb3
Rf8 66. Ke5 Rb8 67. f5 Kf7 68. Kd4 Rb5 69. Ke4 Kg7 70. Kf4 Rb8 $11) 65... Rc1
66. Rg3 (66. Rf3 Kf7 67. g6+ Kf6) 66... Rf1 67. f6+ Kg6 68. Kc4 Rf4+ 69. Kb3
Rh4 70. Ka4 Re4 $11) 64... Rc4 65. Kf3 Kf7 66. Kg4 Kg7 67. Rd3 Rc7 68. f5 Rb7
69. Rh3 Rb6 70. f6+ {Asi, como prueban estos análisis, parece que el plan de
las blancas ha de ser llevar el rey para apoyar sus peones y mantener la torre
controlando el peón adversario. Tan pronto como el rey blanco esté con sus
peones, la torre puede entrar en juego para convertir la ventaja en victoria.})
58. g5 Be8 59. Re6 $1 {Importante jugada. Finalmente me di cuenta que tenía
que activar mi torre. Y a pesar de que sólo me quedaban unos segundos en el
reloj, realicé el movimiento más fuerte.} b3 60. Rb6 Rg4 61. Rf6+ Kg7 62. Bc4
Ba4 63. Bd5 Rg3 64. Kb2 Re3 65. Rb6 Re2+ 66. Ka3 (66. Kc3 {
era mucho más simple.}) 66... Ra2+ 67. Kb4 Rf2 $1 {Diagram # La última
posibilidad para las negras. !Si les gusta resolver estudios de ajedrez,
traten de resolver éste! Las blancas juegan y ganan.} 68. Rb7+ Kg6 (68... Kh8
69. g6) (68... Kf8 69. Kxa4 Rxf4+ 70. Kxb3 Rf5 71. Rb8+ Ke7 72. g6) 69. Be4+
Kh5 70. Rf7 $2 ({Si} 70. Rh7+ Kg4 71. g6 Be8 $1 72. g7 Bf7) ({
Pero la solución es} 70. g6 $3 Rxf4 71. Rh7+ Kg5 72. g7 Rxe4+ 73. Ka3 Re8 74.
Rh8 $3 {
y ésta fue la jugada que, desgraciadamente, yo no vi durante la partida.})
70... Be8 71. Rf8 b2 72. Kc3 Bg6 73. Rh8+ Kg4 74. Bxg6 Rxf4 75. Kxb2 Kxg5 76.
Bd3 Kf6 77. Re8 Kf7 78. Re3 Kf6 79. Kc3 Rh4 80. Bc4 Kf5 81. Kb4 Kf4 82. Re7 Rh5
83. Kc3 Re5 84. Rf7+ Rf5 85. Re7 Re5 86. Rh7 Re3+ 87. Bd3 Re8 88. Rh4+ Ke3 89.
Rh1 Rc8+ 90. Bc4 Rd8 91. Be6 Rd3+ 92. Kc4 Rd4+ 93. Kc5 Ra4 94. Rh3+ Kf2 95. Bc4
Ra8 96. Kd4 Ra4 97. Rc3 Ra7 98. Ke4 Rh7 99. Rf3+ Kg2 100. Bd5 Rh4+ 101. Ke5 Kg1
102. Be4 Rh2 103. Rf4 Rd2 104. Kf5 Rf2 105. Bf3 Rb2 106. Rh4 Rb8 107. Kf4 Kf2
108. Rh2+ Ke1 109. Be4 Rb3 110. Bf3 Rb4+ 111. Kg3 {Diagram #} Rd4 $4 {
De acuerdo con las Tablas de Finales, sólo la jugada} (111... Rb3 $1 {
permite a las negras conseguir las tablas.}) 112. Re2+ Kf1 113. Re3 Rd2 114.
Ra3 {Resulta divertido que, durante este torneo, Onischuk tuvo otra vez este
mismo final de torre y alfil contra torre. Pero en esa ocasión jugó con la
torre y el alfil, aunque no fue capaz de ganarlo.} 1-0